000 00411nam a2200181Ia 4500
001 10770
005 20260306161856.0
008 260306t1990||||xx |||||||||||||| ||spa||
041 _aESP
082 _a949.5
_bC85
100 _aCottrell, Leonard
_eAUT
245 0 _aEl toro de Minos
260 _c1990
300 _a301 páginas :
_c17 cm.
650 _aGEN
654 _aCHU
942 _cLIB
_dJUS
_fJUS
_2ddc
_n
999 _c10770
_d10770